000 00962nam a2200277Ia 4500
003 OSt
005 20220925224019.0
006 a|||||r|||| 00| 0
007 ta
008 220923b |||||||| |||| 00| 0 eng d
020 _a9781138059214
_c9484.65
037 _b3184, 07/03/2018, The Bookseller
_cGeneral Book
040 _aRTL
_cRTL
_beng
041 _2eng
_aeng
082 _aY9(W).49F, Q8
100 _aPIETERSE Jan Nederveen
_926031
245 0 _aChanging constellations of South East Asia
_b From Northeat Asia to China
260 _aLondon
_bRoutledge
_c2018
300 _axvi,317p
_ccm.
500 _aGlossary: p 669-688; Bibliography chapterwise
650 _aSociology
700 _a EMBONG Abdul Rahman
_9290710
700 _a THAM Siew Yean
_9290711
942 _hY9(W).49F, Q8
_cGB
_2CC
999 _c580804
_d580804